| 000 | 01084cam a22002897a 4500 | ||
|---|---|---|---|
| 001 | 14953387 | ||
| 003 | OSt | ||
| 005 | 20240621131842.0 | ||
| 008 | 070806s2007 enka b 001 0 eng | ||
| 020 | _a9780521865579 | ||
| 020 | _a0521865573 | ||
| 040 |
_aMUST _cMUST |
||
| 082 | 0 | 4 |
_a536 _220 |
| 100 | 1 |
_aStowe, Keith S., _d1943- _917593 |
|
| 245 | 1 | 3 |
_aAn introduction to thermodynamics and statistical mechanics / _cKeith Stowe. |
| 250 | _a2nd ed. | ||
| 260 |
_aCambridge, UK ; _aNew York : _bCambridge University Press, _c2007. |
||
| 300 |
_axiii, 556 p. : _bill. ; _c26 cm. |
||
| 504 | _aIncludes bibliographical references and index. | ||
| 650 | 0 | _aThermodynamics. | |
| 650 | 0 |
_aStatistical mechanics. _98100 |
|
| 856 | 4 | 2 |
_3Contributor biographical information _uhttp://www.loc.gov/catdir/enhancements/fy0803/2007298684-b.html |
| 856 | 4 | 2 |
_3Publisher description _uhttp://www.loc.gov/catdir/enhancements/fy0803/2007298684-d.html |
| 856 | 4 | 1 |
_3Table of contents only _uhttp://www.loc.gov/catdir/enhancements/fy0803/2007298684-t.html |
| 906 | _d3 | ||
| 942 |
_2ddc _cO_SHELF |
||
| 999 |
_c8701 _d8701 |
||